000 00628nam a2200169 i 4500
001 104640
003 ES-MaACL
005 20230906183644.0
007 t|
008 051202s1917 sp ||||1| spa d
100 1 _aMiñana y Villagrasa, Emilio.
_981392
245 1 0 _aBases para la transformación del régimen de la propiedad territorial
_b: conferencia en la Real Academia de Jurisprudencia y Legislación /
_cEmilio Miñana y Villagrasa.
260 _aMadrid :
_b[s.n.],
_c1917.
300 _a30 p. ;
_c22 cm.
594 _aPrecede al tít.: Real Academia de Jurisprudencia y Legislación.
852 _aES-MaACL
_j1533-F-7
999 _c104640
_d104640